[Event "TUR Cup"]
[Site "Denizli"]
[Date "2023.07.17"]
[Round "2"]
[White "Ozgun, Yigit Deniz"]
[Black "Izi, Ekrem"]
[Result "1-0"]
[WhiteElo "1716"]
[BlackElo "1531"]
[PlyCount "78"]
[EventDate "2023.07.16"]
[EventType "team-tourn"]
[EventRounds "9"]
[EventCountry "TUR"]
[SourceTitle "CBM 215 Extra"]
[Source "ChessBase"]
[SourceDate "2023.09.30"]
[SourceVersion "1"]
[SourceVersionDate "2023.09.30"]
[SourceQuality "1"]

1. e4 c5 2. Nf3 e6 3. d4 cxd4 4. Nxd4 Nf6 5. Bd3 Nc6 6. Nxc6 bxc6 7. Bf4 Bc5 8. e5 Nd5 9. Bg3 Rb8 10. c4 Bd4 11. cxd5 Bxb2 12. Nd2 Bxa1 13. Qxa1 cxd5 14. 0-0 Rb6 15. Re1 Ba6 16. Bb1 Qb8 17. Bf4 Rb4 18. Be3 0-0 19. Bc5 Rc8 20. Nb3 Ra4 21. Qc3 Bc4 22. Bd6 Qb6 23. Qc2 g6 24. Nc5 Qa5 25. Rc1 Bb5 26. Qd1 Rf4 27. h3 Qb6 28. Qd2 Rc4 29. Qh6 Rxc1+ 30. Qxc1 Bc4 31. Nxd7 Qd8 32. Nf6+ Kg7 33. Qg5 Be2 34. Qe3 Qb6 35. Qxe2 Qxb1+ 36. Kh2 Qf5 37. Qe3 h6 38. Be7 a5 39. Ng4 g5 1-0

[Event "TUR-chT 2nd League"]
[Site "Konya"]
[Date "2017.07.20"]
[Round "5.8"]
[White "Erkole, Melih Naci"]
[Black "Izi, Ekrem"]
[Result "1/2-1/2"]
[WhiteElo "1619"]
[BlackElo "1659"]
[PlyCount "64"]
[EventDate "2017.07.17"]
[EventType "team-swiss"]
[EventRounds "9"]
[EventCountry "TUR"]
[SourceTitle "CBM 179 Extra"]
[Source "ChessBase"]
[SourceDate "2017.08.23"]
[SourceVersion "1"]
[SourceVersionDate "2017.08.23"]
[SourceQuality "1"]
[WhiteTeam "Bursa Nida"]
[BlackTeam "Gaziante Seviye"]
[WhiteTeamCountry "TUR"]
[BlackTeamCountry "TUR"]

1. e4 e6 2. d4 d5 3. Nc3 dxe4 4. Nxe4 Nd7 5. Nf3 Ngf6 6. Bg5 Be7 7. Bxf6 Nxf6 8. Bd3 0-0 9. 0-0 Nxe4 10. Bxe4 Bf6 11. c3 Rb8 12. Qc2 h6 13. Rad1 c6 14. c4 Qc7 15. a4 c5 16. h3 b6 17. d5 exd5 18. cxd5 Rd8 19. Rd2 Rd6 20. Rfd1 Qd7 21. Bf5 Qd8 22. Be4 Bb7 23. Qc4 Qd7 24. Nh2 Rd8 25. Re1 Bd4 26. Nf3 Bxd5 27. Bxd5 Rxd5 28. Nxd4 Rxd4 29. Rxd4 cxd4 30. Rd1 Qd6 31. Rd2 Qd7 32. Rd3 Qe6 1/2-1/2

[Event "TUR-chT 2nd League"]
[Site "Konya"]
[Date "2017.07.17"]
[Round "1.14"]
[White "Aydin, Mert Dogan"]
[Black "Izi, Ekrem"]
[Result "1-0"]
[WhiteElo "1646"]
[BlackElo "1659"]
[PlyCount "103"]
[EventDate "2017.07.17"]
[EventType "team-swiss"]
[EventRounds "9"]
[EventCountry "TUR"]
[SourceTitle "CBM 179 Extra"]
[Source "ChessBase"]
[SourceDate "2017.08.23"]
[SourceVersion "1"]
[SourceVersionDate "2017.08.23"]
[SourceQuality "1"]
[WhiteTeam "Ankara Hayat"]
[BlackTeam "Gaziante Seviye"]
[WhiteTeamCountry "TUR"]
[BlackTeamCountry "TUR"]

1. e4 e6 2. b3 d5 3. Bb2 dxe4 4. Nc3 Nf6 5. Qe2 Be7 6. 0-0-0 0-0 7. g4 Nc6 8. Nxe4 Nxe4 9. Qxe4 Qd5 10. Bg2 Qxe4 11. Bxe4 Bd7 12. f4 a5 13. a4 Rab8 14. Ne2 Nb4 15. Rhe1 c6 16. Ng3 f5 17. gxf5 Bd6 18. fxe6 Bxe6 19. Bxh7+ Kxh7 20. Rxe6 Bxf4 21. Re7 Bh6 22. Nh5 Rf2 23. Bxg7 Bxg7 24. Rxg7+ Kh6 25. Rdg1 Rbf8 26. R1g5 Rxh2 27. R7g6+ Kh7 28. Nf6+ Rxf6 29. Rxf6 Nd5 30. Rf7+ Kh6 31. Rg8 Rh1+ 32. Kb2 Rd1 33. Rf2 Kh7 34. Rg3 Rh1 35. Rf7+ Kh6 36. Rxb7 Rh2 37. Rb8 Kh7 38. c4 Nb4 39. Kc3 Na2+ 40. Kd3 Nb4+ 41. Rxb4 axb4 42. a5 Rh5 43. a6 Ra5 44. Kd4 Kh6 45. Rg8 Rxa6 46. Kc5 Ra2 47. Rd8 Kg5 48. Kxc6 Ra7 49. c5 Kf5 50. Kb6 Ra3 51. c6 Rxb3 52. c7 1-0

[Event "Manavgat Turkey Cup"]
[Site "Manavgat"]
[Date "2015.02.06"]
[Round "10"]
[White "Yatkin, Osman"]
[Black "Izi, Ekrem"]
[Result "1-0"]
[WhiteElo "1773"]
[BlackElo "1744"]
[PlyCount "99"]
[EventDate "2015.01.31"]
[EventType "swiss"]
[EventRounds "11"]
[EventCountry "TUR"]
[SourceTitle "CBM 164 Extra"]
[Source "ChessBase"]
[SourceDate "2015.03.02"]
[SourceVersion "1"]
[SourceVersionDate "2015.03.02"]
[SourceQuality "1"]

1. d4 Nf6 2. Bf4 e6 3. e3 b6 4. h3 Bb7 5. Nf3 d5 6. a3 Bd6 7. Bxd6 Qxd6 8. c4 0-0 9. Nc3 a6 10. b4 dxc4 11. Bxc4 Nbd7 12. Be2 Rac8 13. 0-0 Nd5 14. Ne4 Qe7 15. Ng3 Nc3 16. Qc2 Nxe2+ 17. Qxe2 Nf6 18. Rfd1 c5 19. bxc5 bxc5 20. dxc5 Rxc5 21. Rd4 Rfc8 22. Rad1 Rc1 23. Qb2 Rxd1+ 24. Rxd1 Bxf3 25. gxf3 h6 26. Rd3 Nd5 27. Ne4 Qc7 28. Kg2 Rb8 29. Rb3 Rxb3 30. Qxb3 Qb6 31. Qc4 Qa5 32. Qc8+ Kh7 33. Qf8 f5 34. Ng3 Qd2 35. Qc5 f4 36. Nf1 Nxe3+ 37. Nxe3 fxe3 38. Qxe3 Qd5 39. Qc3 a5 40. a4 Qg5+ 41. Kf1 Qf5 42. Ke2 Kg6 43. Ke3 Kg5 44. Qxg7+ Qg6 45. f4+ Kh5 46. Qxg6+ Kxg6 47. Ke4 Kf6 48. h4 h5 49. f3 Kf7 50. Ke5 1-0

[Event "Manavgat Turkey Cup"]
[Site "Manavgat"]
[Date "2015.02.04"]
[Round "7"]
[White "Yilmaz, Ibrahim"]
[Black "Izi, Ekrem"]
[Result "1/2-1/2"]
[WhiteElo "1599"]
[BlackElo "1744"]
[PlyCount "81"]
[EventDate "2015.01.31"]
[EventType "swiss"]
[EventRounds "11"]
[EventCountry "TUR"]
[SourceTitle "CBM 164 Extra"]
[Source "ChessBase"]
[SourceDate "2015.03.02"]
[SourceVersion "1"]
[SourceVersionDate "2015.03.02"]
[SourceQuality "1"]

1. e4 e6 2. d4 d5 3. Nd2 dxe4 4. Nxe4 Nd7 5. Nf3 Ngf6 6. Nxf6+ Nxf6 7. Bg5 Be7 8. Bb5+ c6 9. Bd3 h6 10. Bh4 Nd5 11. Bxe7 Qxe7 12. a3 Nf4 13. 0-0 Nxd3 14. Qxd3 Bd7 15. b4 0-0 16. Ne5 a5 17. f4 Rfd8 18. c3 Be8 19. f5 exf5 20. Qxf5 f6 21. Nc4 Bd7 22. Qf4 axb4 23. axb4 Be6 24. Rae1 Ra2 25. Na5 Re8 26. Re3 Qd7 27. Rfe1 Qd5 28. Qg3 b6 29. Nb7 Re7 30. Nd6 f5 31. Qg6 Bf7 32. Nxf7 Qxf7 33. Qxc6 Rxe3 34. Rxe3 Ra1+ 35. Kf2 Ra2+ 36. Re2 Rxe2+ 37. Kxe2 Qh5+ 38. Qf3 Qxh2 39. Qxf5 Qxg2+ 40. Kd3 Qg3+ 41. Kc4 1/2-1/2

[Event "Manavgat Turkey Cup"]
[Site "Manavgat"]
[Date "2015.02.02"]
[Round "4"]
[White "Izi, Ekrem"]
[Black "Erdeveciler, Cem"]
[Result "0-1"]
[WhiteElo "1744"]
[BlackElo "1539"]
[PlyCount "90"]
[EventDate "2015.01.31"]
[EventType "swiss"]
[EventRounds "11"]
[EventCountry "TUR"]
[SourceTitle "CBM 164 Extra"]
[Source "ChessBase"]
[SourceDate "2015.03.02"]
[SourceVersion "1"]
[SourceVersionDate "2015.03.02"]
[SourceQuality "1"]

1. e4 g6 2. d4 b6 3. f4 e6 4. Nf3 d6 5. Nc3 Bg7 6. Be3 Ne7 7. Bc4 Bb7 8. Qd2 Nd7 9. g4 Nf6 10. d5 Nxe4 11. Nxe4 exd5 12. Nxd6+ Qxd6 13. Bb5+ c6 14. Bd4 Bxd4 15. Qxd4 0-0-0 16. Be2 c5 17. Qd2 d4 18. 0-0-0 f6 19. Rhg1 Nd5 20. f5 gxf5 21. gxf5 Qf4 22. Rg7 Ne3 23. Rf1 Qxf5 24. Bd3 Qd5 25. Qe2 Nxf1 26. Rxb7 Rhe8 27. Qxf1 Kxb7 28. Bc4 Qf5 29. Qg2 Qf4+ 30. Kd1 Kb8 31. Ba6 Rg8 32. Qh1 Qg4 33. Be2 Qg2 34. Qe1 Rde8 35. Qd2 Re3 36. Ne1 Qxh2 37. c3 Qxe2+ 38. Qxe2 Rxe2 39. Kxe2 dxc3 40. bxc3 Rg4 41. Kd3 Ra4 42. Nf3 Rxa2 43. Ke4 Ra3 44. Kd5 Rxc3 45. Nh4 a5 0-1

[Event "Manavgat Turkey Cup"]
[Site "Manavgat"]
[Date "2015.02.01"]
[Round "3"]
[White "Metin, Mehmet"]
[Black "Izi, Ekrem"]
[Result "1-0"]
[WhiteElo "2154"]
[BlackElo "1744"]
[PlyCount "69"]
[EventDate "2015.01.31"]
[EventType "swiss"]
[EventRounds "11"]
[EventCountry "TUR"]
[SourceTitle "CBM 164 Extra"]
[Source "ChessBase"]
[SourceDate "2015.03.02"]
[SourceVersion "1"]
[SourceVersionDate "2015.03.02"]
[SourceQuality "1"]

1. d4 Nf6 2. Nf3 e6 3. c4 b6 4. g3 Bb7 5. Bg2 d5 6. cxd5 Nxd5 7. 0-0 Be7 8. Nc3 Nxc3 9. bxc3 0-0 10. Qc2 c6 11. Rd1 Qc7 12. Bf4 Bd6 13. Ng5 g6 14. Bxd6 Qxd6 15. h4 Kg7 16. e4 Nd7 17. e5 Qc7 18. f4 h6 19. Ne4 c5 20. Nd6 Bxg2 21. Qxg2 f6 22. d5 exd5 23. Qxd5 fxe5 24. Nb5 Qb8 25. Qxd7+ Rf7 26. Qe6 exf4 27. Rd7 Rxd7 28. Qxd7+ Kh8 29. Re1 fxg3 30. Nd6 Qf8 31. Rf1 Qg8 32. Nf7+ Kg7 33. Ne5+ Kh8 34. Rf7 b5 35. Qe7 1-0

[Event "TUR-ch op"]
[Site "Antalya"]
[Date "2008.02.05"]
[Round "3.49"]
[White "Izi, Ekrem"]
[Black "Akyildiz, Baris"]
[Result "0-1"]
[WhiteElo "1586"]
[BlackElo "1828"]
[PlyCount "52"]
[EventDate "2008.02.04"]
[EventType "swiss"]
[EventRounds "11"]
[EventCountry "TUR"]
[SourceTitle "CBM 122 Extra"]
[Source "ChessBase"]
[SourceDate "2008.03.04"]
[SourceVersion "1"]
[SourceVersionDate "2008.03.04"]
[SourceQuality "1"]

1. e4 c5 2. Nf3 Nc6 3. d4 cxd4 4. Nxd4 Nf6 5. Nc3 e5 6. Nf3 Bb4 7. Bd3 d5 8. Bd2 Bxc3 9. Bxc3 dxe4 10. Bxe4 Qxd1+ 11. Rxd1 Nxe4 12. Bxe5 Nxe5 13. Nxe5 0-0 14. 0-0 Be6 15. Rfe1 Rfd8 16. Nd3 Nf6 17. h3 b6 18. a3 Kf8 19. Kh2 Rd6 20. Re3 Rad8 21. Rde1 g6 22. Rf3 Kg7 23. Re5 Rd5 24. Ree3 Rf5 25. Rg3 h6 26. Nf4 Rxf4 0-1

[Event "TUR-ch op"]
[Site "Antalya"]
[Date "2008.02.05"]
[Round "4.55"]
[White "Koksal, Recep"]
[Black "Izi, Ekrem"]
[Result "1-0"]
[WhiteElo "1926"]
[BlackElo "1586"]
[PlyCount "99"]
[EventDate "2008.02.04"]
[EventType "swiss"]
[EventRounds "11"]
[EventCountry "TUR"]
[SourceTitle "CBM 122 Extra"]
[Source "ChessBase"]
[SourceDate "2008.03.04"]
[SourceVersion "1"]
[SourceVersionDate "2008.03.04"]
[SourceQuality "1"]

1. d4 Nf6 2. c4 e6 3. g3 b6 4. Bg2 Nc6 5. Nf3 d5 6. 0-0 Bb7 7. Qa4 Qd7 8. Nc3 Be7 9. Bf4 a6 10. Rac1 0-0 11. Rfd1 Rfc8 12. a3 Bd6 13. Bg5 Ne4 14. cxd5 Nxc3 15. Rxc3 exd5 16. Qc2 Ne7 17. Bxe7 Bxe7 18. Ne5 Qd6 19. Bh3 c5 20. Bxc8 Bxc8 21. Nf3 Bh3 22. dxc5 bxc5 23. b4 c4 24. Rxc4 Qe6 25. Rc6 Qg4 26. Rxd5 Bf6 27. Qd3 Re8 28. Rxa6 h5 29. Rxf6 gxf6 30. Rd8 Rxd8 31. Qxd8+ Kg7 32. Qd3 Qc8 33. Qd2 Qa8 34. Qd3 Qc6 35. Qd1 Qc3 36. Nd4 Qxa3 37. b5 Qa8 38. f3 Qa3 39. Kf2 Qc5 40. Qd2 Bd7 41. Qe3 Qb4 42. b6 Qb1 43. Qb3 Qa1 44. Nc2 Qa8 45. b7 Qb8 46. Nd4 Kh6 47. Qb6 Bc8 48. Qxf6+ Kh7 49. Qxf7+ Kh6 50. Qf8+ 1-0